<?xml version="1.0" encoding="UTF-8"?>
<record
    xmlns:xsi="http://www.w3.org/2001/XMLSchema-instance"
    xsi:schemaLocation="http://www.loc.gov/MARC21/slim http://www.loc.gov/standards/marcxml/schema/MARC21slim.xsd"
    xmlns="http://www.loc.gov/MARC21/slim">

  <leader>00551nam a22001457a 4500</leader>
  <controlfield tag="003">OSt</controlfield>
  <controlfield tag="005">20150916115608.0</controlfield>
  <controlfield tag="008">150916b        xxu||||| |||| 00| 0 eng d</controlfield>
  <datafield tag="040" ind1=" " ind2=" ">
    <subfield code="c">RUA</subfield>
  </datafield>
  <datafield tag="082" ind1=" " ind2=" ">
    <subfield code="a">AGR SEN 2002 B023 Or.1</subfield>
  </datafield>
  <datafield tag="100" ind1=" " ind2=" ">
    <subfield code="9">594</subfield>
    <subfield code="a">SENG, KRONH.</subfield>
  </datafield>
  <datafield tag="245" ind1=" " ind2=" ">
    <subfield code="a">Study on duration of photoperiod induction on flowering of some rice varieties &#x179F;&#x17B7;&#x1780;&#x17D2;&#x179F;&#x17B6;&#x17A2;&#x17C6;&#x1796;&#x17B8;&#x179A;&#x1799;:&#x1796;&#x17C1;&#x179B;&#x1793;&#x17B6;&#x17C6;&#x178A;&#x179B;&#x17CB;&#x1780;&#x17B6;&#x179A;&#x1785;&#x17C1;&#x1789;&#x1795;&#x17D2;&#x1780;&#x17B6;&#x179A;&#x1794;&#x179F;&#x17CB;&#x1796;&#x17BC;&#x1787;&#x179F;&#x17D2;&#x179A;&#x17BC;&#x179C;&#x1798;&#x17BD;&#x1799;&#x1785;&#x17C6;&#x1793;&#x17BD;&#x1793;</subfield>
  </datafield>
  <datafield tag="300" ind1=" " ind2=" ">
    <subfield code="a">74p.</subfield>
    <subfield code="b">ill.</subfield>
    <subfield code="c">29cm.</subfield>
  </datafield>
  <datafield tag="942" ind1=" " ind2=" ">
    <subfield code="2">ddc</subfield>
    <subfield code="c">AGR</subfield>
  </datafield>
  <datafield tag="999" ind1=" " ind2=" ">
    <subfield code="c">572</subfield>
    <subfield code="d">572</subfield>
  </datafield>
  <datafield tag="952" ind1=" " ind2=" ">
    <subfield code="0">0</subfield>
    <subfield code="1">0</subfield>
    <subfield code="2">ddc</subfield>
    <subfield code="4">0</subfield>
    <subfield code="6">AGR_SEN_2002_000000000000000_B023_OR_1</subfield>
    <subfield code="7">0</subfield>
    <subfield code="9">2644</subfield>
    <subfield code="a">LBB</subfield>
    <subfield code="b">LBB</subfield>
    <subfield code="c">B023</subfield>
    <subfield code="d">2015-09-16</subfield>
    <subfield code="o">AGR SEN 2002 B023 Or.1</subfield>
    <subfield code="p">RUA002806</subfield>
    <subfield code="r">2015-09-16</subfield>
    <subfield code="w">2015-09-16</subfield>
    <subfield code="y">AGR</subfield>
  </datafield>
  <datafield tag="952" ind1=" " ind2=" ">
    <subfield code="0">0</subfield>
    <subfield code="1">0</subfield>
    <subfield code="2">ddc</subfield>
    <subfield code="4">0</subfield>
    <subfield code="6">AGR_SEN_2002_000000000000000_B023_OR_2</subfield>
    <subfield code="7">0</subfield>
    <subfield code="9">2645</subfield>
    <subfield code="a">LBB</subfield>
    <subfield code="b">LBB</subfield>
    <subfield code="c">B023</subfield>
    <subfield code="d">2015-09-16</subfield>
    <subfield code="o">AGR SEN 2002 B023 Or.2</subfield>
    <subfield code="p">RUA002734</subfield>
    <subfield code="r">2015-09-16</subfield>
    <subfield code="w">2015-09-16</subfield>
    <subfield code="y">AGR</subfield>
  </datafield>
  <datafield tag="952" ind1=" " ind2=" ">
    <subfield code="0">0</subfield>
    <subfield code="1">0</subfield>
    <subfield code="2">ddc</subfield>
    <subfield code="4">0</subfield>
    <subfield code="6">AGR_SEN_2002_000000000000000_B023_OR_3</subfield>
    <subfield code="7">0</subfield>
    <subfield code="9">2646</subfield>
    <subfield code="a">LBB</subfield>
    <subfield code="b">LBB</subfield>
    <subfield code="c">B023</subfield>
    <subfield code="d">2015-09-16</subfield>
    <subfield code="o">AGR SEN 2002 B023 Or.3</subfield>
    <subfield code="p">RUA002284</subfield>
    <subfield code="r">2015-09-16</subfield>
    <subfield code="w">2015-09-16</subfield>
    <subfield code="y">AGR</subfield>
  </datafield>
  <datafield tag="952" ind1=" " ind2=" ">
    <subfield code="0">0</subfield>
    <subfield code="1">0</subfield>
    <subfield code="2">ddc</subfield>
    <subfield code="4">0</subfield>
    <subfield code="6">AGR_SEN_2002_000000000000000_B023_OR_4</subfield>
    <subfield code="7">0</subfield>
    <subfield code="9">36349</subfield>
    <subfield code="a">LBB</subfield>
    <subfield code="b">LBB</subfield>
    <subfield code="d">2016-01-26</subfield>
    <subfield code="o">AGR SEN 2002 B023 Or.4</subfield>
    <subfield code="p">RUA052261</subfield>
    <subfield code="r">2016-01-26</subfield>
    <subfield code="w">2016-01-26</subfield>
    <subfield code="y">AGR</subfield>
  </datafield>
</record>
